000 00483nam a2200157 i 4500
001 29303
003 ES-MaACL
005 20230906154016.0
007 t|
008 030121s1879 sp ||||1| spa d
100 1 _aBarinaga y Corradi, Luis.
_925653
245 1 0 _aCurso de metalurgia especial /
_cexplicado en la escuela de minas por Luis Barinaga y Corradi.
260 _aMadrid :
_b[s.n.,
_c1879] (
_fImp. de Lucas Polo)
300 _a891 p. ;
_c23 cm.
852 _aES-MaACL
_jB-7993
999 _c29303
_d29303